Effectif Juventus 2020/2021 - Statistiques

Statistiques générales
  • Ce quiz a été pris 214 fois
  • Le résultat moyen est 18 sur 23
Statistiques - réponses
Poste Numéro Joueur Pays % Correct
ATT 10 Paulo Dybala Argentine
95%
ATT 7 Cristiano Ronaldo Portugal
94%
DEF 19 Leonardo Bonucci Italie
94%
MIL 16 Juan Guillermo Cuadrado Colombie
93%
DEF 4 Matthijs de Ligt Pays-Bas
92%
MIL 8 Aaron Ramsey Pays de Galles
91%
MIL 25 Adrien Rabiot France
90%
ATT 9 Alvaro Morata Espagne
90%
DEF 3 Giorgio Chiellini Italie
90%
DEF 12 Alex Sandro Brésil
89%
DEF 13 Danilo Brésil
84%
MIL 14 Weston McKennie Etats-Unis
82%
MIL 6 Sami Khedira Allemagne
79%
MIL 5 Arthur Brésil
77%
G 77 Gianluigi Buffon Italie
76%
G 1 Wojciech Szczęsny Pologne
76%
MIL 30 Rodrigo Bentancur Uruguay
75%
DEF 28 Merih Demiral Turquie
74%
ATT 22 Federico Chiesa Italie
70%
ENT / Andrea Pirlo Italie
69%
MIL 44 Dejan Kulusevski Suède
63%
ATT 33 Federico Bernardeschi Italie
57%
G 31 Carlo Pinsoglio Italie
47%
Aucun quiz correspondant
Distribution des résultats
% des personnes avec chaque résultat
Percentile par nombre de réponses
Votre historique - résultats
Vous n’avez pas pris ce quiz